LEADER 03804nam0 2200613 i 450 001 BVEE014694 005 20170908093200.0 012 $ao.r- asi, usus trqu (3) 1567 (R)$2fei 100 $a20150611d1567 ||||0itac50 ba 101 | $alat 102 $ait 181 1$6z01$ai $bxxxe 182 1$6z01$an 200 1 $a˜P.Terentii Afri poetae lepidissimi œComoediae omnes. Cum absolutis commentarijs Aelij Donati, Guidonis Iuuenalis Cenomani, Petri Marsi in omnes fabulas, Ioannis Calphurnij Brixiensis in Heautontimorumenon. Accedunt. Antonij Goueani Epistola ad Guillelmum Bellaium Langeum, ... de castigatione harum comoediarum. Eiusdem de versibus Terentianis, necnon De ludis Megalensibus, ac quaedam perpulchrae annotationes. Bartolomei Latomi in singulas scenas argumenta, ordo & distinctio partium fabulae, ... Henrici Loriti in carmina Terentij per omnes eius comoedias iudicium. ... 210 $aVenetiis$capud Ioannem Mariam Bonellum$d1567$eVenetiis$gapud Ioannem Mariam Bonellum$h1567 215 $a[14], 207, [1] c.$cill.$d2º 300 $aMarca (Z845) sul front 300 $aCors. ; gr. ; rom 300 $aSegn.: [ast]⁶2[ast]⁸a-z⁸A-C⁸ 300 $aTesto su 2 colonne 300 $aIniziali xil. 316 $a1 v. (Timbro BR sul frontespizio)$5IT-NA0079, V.F. 110 N 25 500 10$aComoediae.$3UFI0301615$9CFIV069531$91044682 620 $dVenezia$3SBLL003553 700 1$aTerentius Afer$b, Publius$3CFIV069531$4070$0439355 702 1$aMarso$b, Pietro$f <1442-1512>$3BVEV018098 702 1$aJouennaux$b, Guy$f <1500fl.>$3BVEV018878 702 1$aGouvea$b, Antonio : de$f $3BVEV022735 702 1$aCalfurnio$b, Giovanni$f $3BVEV027435 702 1$aDonatus$b, Aelius$3MILV085986 702 1$aLatomus$b, Bartholomaeus$f <1485?-1570?>$3SBLV008424 702 1$aGlareanus$b, Henricus$f <1488-1563>$3SBLV284248 712 02$aBonelli, Giovanni Maria$c $3BVEV020762$4650 790 1$aGoveanus$b, Antonius$3BVEV038060$zGouvea, Antonio : de 790 0$aCalphurnius : Brixiensis$3BVEV115853$zCalfurnio, Giovanni 790 1$aTerentius$b, Publius Afer$3CAGV024322$zTerentius Afer, Publius 790 0$aTerenzio$3CFIV069532$zTerentius Afer, Publius 790 1$aTerenzio Afro$b, Publio$3CFIV069535$zTerentius Afer, Publius 790 1$aDonatus$b, Dionisius Apollonius$3CFIV160166$zDonatus, Aelius 790 0$aElio Donato$3CFIV241836$zDonatus, Aelius 790 1$aSteinmetz$b, Bartholomäus$3SBLV008425$zLatomus, Bartholomaeus <1485?-1570?> 790 1$aMasson$b, Barthélemy$3SBLV008426$zLatomus, Bartholomaeus <1485?-1570?> 790 1$aLoriti$b, Heinrich$3SBLV284249$zGlareanus, Henricus <1488-1563> 790 1$aGlarean$b, Heinrich$3SBLV284250$zGlareanus, Henricus <1488-1563> 801 3$aIT$bIT-NA0079$c20150611 850 $aIT-NA0079 899 1$aBiblioteca Nazionale Vittorio Emanuele III$bNA0079$41 esemplare$eS$uhttp://books.google.com/books?vid=IBNN:BNVA1001552888 912 $aBVEE014694 921 $aBVEM000536$bIn cornice figurata: Minerva: donna con elmo, lancia e scudo che cavalca un leone. Motto: virtuti omnia parent. Iniziali: ZMBV.$cQ34$cO698$cZ845$dSul front. 950 0$aBiblioteca Nazionale Vittorio Emanuele III$c1 v.$d BNV.F. 110 N 25$e BNVA10015528885G B 1 v. (Timbro BR sul frontespizio)$fC $h20150611$i20150611$lTimbro BR sul frontespizio$mTimbri storici della biblioteca proprietaria 956 $aBiblioteca Nazionale Vittorio Emanuele III$b1$c $d $eBNVA1001552888$uhttp://books.google.com/books?vid=IBNN:BNVA1001552888$z BNV.F. 110 N 25 977 $a BN 996 $aComoediae$91044682 997 $aUNISANNIO LEADER 01719nam 2200433 450 001 000000510 005 20050718115000.0 010 $a88-339-5532-X 100 $a--------d1994----km-y0itay0103----ba 101 0 $aita 102 $aIT 200 1 $aMeccanica analitica$econ elementi di meccanica statistica e dei continui$fAntonio Fasano$gStefano Marmi 210 $aTorino$cBollati Boringhieri$d1994 215 $aXII, 747 p.$d24 cm. 225 1 $aProgramma di matematica, fisica, elettronica 606 $aMeccanica analitica 676 $a531.01515 700 1$aFasano,$bAntonio$040516 701 1$aMarmi,$bStefano$042049 801 0$aIT$bUniversit della Basilicata - B.I.A.$gRICA$2unimarc 912 $a000000510 996 $aMeccanica analitica$970761 997 $aUNIBAS BAS $aMONING BAS $aMONOGR BAS $aINGEGNERIA CAT $aTORRE$b20$c19990615$lBAS01$h1655 CAT $aTORRE$b20$c19990615$lBAS01$h1700 CAT $c20000920$lBAS01$h1827 CAT $c20001010$lBAS01$h1630 CAT $c20050601$lBAS01$h1752 CAT $abatch$b01$c20050718$lBAS01$h1046 CAT $c20050718$lBAS01$h1106 CAT $c20050718$lBAS01$h1136 CAT $c20050718$lBAS01$h1150 FMT Z30 -1$lBAS01$LBAS01$mBOOK$1BASA2$APolo Tecnico-Scientifico$2DID$BDidattica$3PTS.s3.p33.4$9ING/86492$6I86492$5I86492$819990615$f04$FPrestabile Didattica Z30 -1$lBAS01$LBAS01$mBOOK$1BASA2$APolo Tecnico-Scientifico$2DID$BDidattica$3PTS.s3.p33.4A$9ING/86491$6I86491$5I86491$819990615$f04$FPrestabile Didattica Z30 -1$lBAS01$LBAS01$mBOOK$1BASA2$APolo Tecnico-Scientifico$2DID$BDidattica$3PTS.s3.p33.4B$9SCI/96250$696250$5S96250$820000620$f04$FPrestabile Didattica